Analýza činnosti prevádzky reaktora na výrobu blokových kopolymérov

Guardado en:
Detalles Bibliográficos
Autor principal: Ilavská, Eva (Autor)
Otros Autores: Stopka, Ján (Orientador)
Formato: Manuscrito Libro
Lenguaje:eslovaco
Publicado: 2017
Materias:
Acceso en línea:http://is.stuba.sk/zp/portal_zp.pl?podrobnosti=128467
Etiquetas: Agregar Etiqueta
Sin Etiquetas, Sea el primero en etiquetar este registro!

MARC

LEADER 00000ntm a22000003a 4500
001 stuzp64895
003 SK-STU
005 20170610211336.0
007 ta
008 150427s2015----xo-----f-mn---000-0-slo-d
040 |a STU  |b slo 
041 0 |a slo 
100 1 |a Ilavská, Eva  |u 046000  |4 aut  |U FCHPT Fakulta chemickej a potravinárskej technológie  |T FCHPT Ústav chemického a environmentálneho inžinierstva  |X 43115  |U C6000  |Y 104  |7 43115 
242 0 1 |a The Analysis of Fluidized Bed Reactor for Production of Copolymer  |y eng 
245 1 0 |a Analýza činnosti prevádzky reaktora na výrobu blokových kopolymérov 
260 |c 2017 
650 4 |a fluidný reaktor  |2 slo 
650 4 |a výmenník tepla  |2 slo 
650 4 |a usadeniny  |2 slo 
650 4 |a kondezácia  |2 slo 
650 4 |a fluidized bed reactor  |2 eng 
650 4 |a fouling  |2 eng 
650 4 |a condensation  |2 eng 
650 4 |a cooler  |2 eng 
700 1 |a Stopka, Ján  |u 046230  |k Z1  |4 ths  |U FCHPT Ústav chemického a environmentálneho inžinierstva  |T FCHPT Oddelenie chemického a biochemického inžinierstva  |X 3326  |U C6230  |Y 119  |7 A000003326 
856 4 |u http://is.stuba.sk/zp/portal_zp.pl?podrobnosti=128467